[Event "Madrid-ch Previa A"]
[Site "Madrid ESP"]
[Date "2014.02.03"]
[Round "1.24"]
[White "Martin Rodriguez, Jose Luis"]
[Black "Fuster Aguilo, Juan"]
[Result "1-0"]
[WhiteElo "1385"]
[BlackElo "1775"]
[PlyCount "83"]
[EventDate "2014.02.03"]
[EventType "swiss"]
[EventRounds "9"]
[EventCountry "ESP"]
[Source "lmi"]
[SourceDate "2014.02.03"]

1. e4 e6 2. d4 d5 3. Nc3 Nf6 4. Bg5 Be7 5. e5 Nfd7 6. h4 a6 7. Nf3 c5 8. Be3
Nc6 9. Be2 Qc7 10. Qd2 cxd4 11. Bxd4 Nxd4 12. Qxd4 O-O 13. g4 f6 14. exf6 Bxf6
15. Qd2 Bxc3 16. Qxc3 Qxc3+ 17. bxc3 Nc5 18. Rh3 Bd7 19. Ne5 Bc6 20. h5 Ne4 21.
Rh2 Nxc3 22. Bd3 Bb5 23. Kd2 Rac8 24. h6 Bxd3 25. Kxd3 Ne4 26. Rf1 Rf3+ 27. Kd4
Rxc2 28. hxg7 Rf4 29. Ke3 Nd2 30. Rfh1 Re4+ 31. Kd3 Rxa2 32. Rxh7 Rxe5 33. Rh8+
Kxg7 34. R1h7+ Kg6 35. Rh6+ Kf7 36. R8h7+ Ke8 37. Rxb7 Ra3+ 38. Kxd2 Ra2+ 39.
Kd3 Ra3+ 40. Kd4 Re4+ 41. Kc5 Rh3 42. Rxh3 1-0

[Event "Madrid-ch Previa A"]
[Site "Madrid ESP"]
[Date "2014.02.03"]
[Round "1.25"]
[White "Caamano Jimenez, Luis"]
[Black "De Villanueva Dominguez, Julio"]
[Result "1-0"]
[WhiteElo "1772"]
[BlackElo "1332"]
[PlyCount "93"]
[EventDate "2014.02.03"]
[EventType "swiss"]
[EventRounds "9"]
[EventCountry "ESP"]
[Source "lmi"]
[SourceDate "2014.02.03"]

1. d4 d5 2. c4 e6 3. Nf3 Nf6 4. Nc3 Bb4 5. Qb3 Nc6 6. Bd2 O-O 7. e3 Re8 8. cxd5
exd5 9. Bb5 Qd6 10. Bxc6 bxc6 11. O-O Rb8 12. Qc2 c5 13. a3 Bxc3 14. dxc5 Qxc5
15. Bxc3 Ne4 16. Nd4 Nxc3 17. bxc3 Be6 18. Qa4 Bd7 19. Qxd7 Qxc3 20. Rfc1 Qb2
21. Qxc7 g6 22. Qc2 Qxc2 23. Rxc2 Re7 24. g3 Reb7 25. Rac1 Rb1 26. Kg2 Kg7 27.
Rxb1 Rxb1 28. Rc5 Ra1 29. Ra5 Kf6 30. Rxa7 h5 31. a4 Ke5 32. a5 f5 33. a6 g5
34. Ra8 f4 35. a7 fxe3 36. Re8+ Kxd4 37. fxe3+ Kd3 38. a8=Q Rxa8 39. Rxa8 Kxe3
40. Re8+ Kd3 41. Kf2 d4 42. Ke1 Kc2 43. Re2+ Kc3 44. Kd1 d3 45. Re5 h4 46. g4
Kd4 47. Rxg5 1-0

[Event "Madrid-ch Previa A"]
[Site "Madrid ESP"]
[Date "2014.02.03"]
[Round "1.26"]
[White "Buergo Villanueva, Fernando"]
[Black "De La Fuente Ebro, Miguel Angel"]
[Result "0-1"]
[WhiteElo "1321"]
[BlackElo "1772"]
[PlyCount "64"]
[EventDate "2014.02.03"]
[EventType "swiss"]
[EventRounds "9"]
[EventCountry "ESP"]
[Source "lmi"]
[SourceDate "2014.02.03"]

1. d4 d5 2. c4 e6 3. e3 Nf6 4. Bd3 Be7 5. c5 O-O 6. Nf3 Nc6 7. a3 a5 8. Nc3 Bd7
9. Qc2 h6 10. e4 dxe4 11. Nxe4 Nxe4 12. Bxe4 Bf6 13. Be3 Qc8 14. g4 e5 15. d5
Nd4 16. Qc3 Nxf3+ 17. Bxf3 e4 18. Qd2 exf3 19. g5 hxg5 20. Bxg5 Bxg5 21. Qxg5
Qe8+ 22. Kd2 Qe2+ 23. Kc3 Bb5 24. Qf5 Qxf2 25. d6 cxd6 26. Raf1 Bxf1 27. Qb1
Qxc5+ 28. Kd2 Qf2+ 29. Kc3 Rac8+ 30. Kb3 Bc4+ 31. Ka4 Qb6 32. Qf5 Bb3# 0-1

[Event "Madrid-ch Previa A"]
[Site "Madrid ESP"]
[Date "2014.02.03"]
[Round "1.29"]
[White "Olano Lanchas, Dionisio"]
[Black "Dominguez Afonso, Ayraldo"]
[Result "1/2-1/2"]
[WhiteElo "1761"]
[BlackElo "1508"]
[PlyCount "121"]
[EventDate "2014.02.03"]
[EventType "swiss"]
[EventRounds "9"]
[EventCountry "ESP"]
[Source "lmi"]
[SourceDate "2014.02.03"]

1. e4 e6 2. d4 d5 3. e5 c5 4. c3 Nc6 5. Bb5 a6 6. Bxc6+ bxc6 7. Nf3 cxd4 8.
cxd4 Qb6 9. O-O Ne7 10. Nc3 Bd7 11. Na4 Qc7 12. a3 Nf5 13. g4 Nh6 14. Bxh6 gxh6
15. b4 Bg7 16. Nc5 O-O 17. Nd2 Kh8 18. Ndb3 Rg8 19. f4 f5 20. h3 Bf8 21. Qe2
fxg4 22. hxg4 Be7 23. Rf2 Rxg4+ 24. Qxg4 Rg8 25. Qxg8+ Kxg8 26. Rh2 Kg7 27. Rf1
Bc8 28. Kf2 Bf8 29. Rg1+ Kf7 30. Rhg2 Qe7 31. Rg4 Qc7 32. Ke3 Qb6 33. Rg8 Qd8
34. R1g4 h5 35. R4g5 h6 36. Rg2 Qh4 37. R8g3 Qh1 38. Rg1 Qh4 39. Na5 Qh2 40.
Nxc6 h4 41. R3g2 Qh3+ 42. Ke2 Qxa3 43. Nd8+ Ke7 44. Nc6+ Ke8 45. Rg6 Bxc5 46.
dxc5 Kd7 47. Nb8+ Kc7 48. f5 Qb2+ 49. Kf3 Qxe5 50. fxe6 Qf5+ 51. Ke2 Bxe6 52.
Nxa6+ Kc6 53. b5+ Kb7 54. Rg7+ Kc8 55. Rg8+ Bxg8 56. Rxg8+ Kd7 57. c6+ Kd6 58.
Rd8+ Ke5 59. c7 Qe4+ 60. Kd2 Qd4+ 61. Ke2 1/2-1/2

[Event "Madrid-ch Previa A"]
[Site "Madrid ESP"]
[Date "2014.02.04"]
[Round "2.1"]
[White "Lopez Peral, Enrique"]
[Black "Perez Agusti, Luis"]
[Result "0-1"]
[WhiteElo "1804"]
[BlackElo "1941"]
[PlyCount "54"]
[EventDate "2014.02.03"]
[EventType "swiss"]
[EventRounds "9"]
[EventCountry "ESP"]
[Source "lmi"]
[SourceDate "2014.02.03"]

1. Nf3 Nf6 2. c4 e6 3. g3 d5 4. d4 Be7 5. Bg2 O-O 6. O-O c6 7. Nbd2 Nbd7 8. Qc2
b6 9. b3 Bb7 10. Bb2 Rc8 11. Rac1 c5 12. Qb1 cxd4 13. Nxd4 Bb4 14. N4f3 Ba6 15.
a3 Bxd2 16. Nxd2 dxc4 17. Nxc4 Bxc4 18. bxc4 Qe7 19. a4 Qb4 20. Bxf6 Qxb1 21.
Rxb1 gxf6 22. a5 Rxc4 23. Rfd1 Rc7 24. Rxd7 Rxd7 25. axb6 axb6 26. Rxb6 Rd1+
27. Bf1 Rc8 0-1

[Event "Madrid-ch Previa A"]
[Site "Madrid ESP"]
[Date "2014.02.04"]
[Round "2.2"]
[White "Gonzalez Recas, Fernando"]
[Black "Fernandez Garcia, Ignacio"]
[Result "1-0"]
[WhiteElo "1796"]
[BlackElo "1903"]
[PlyCount "63"]
[EventDate "2014.02.03"]
[EventType "swiss"]
[EventRounds "9"]
[EventCountry "ESP"]
[Source "lmi"]
[SourceDate "2014.02.03"]

1. e4 g6 2. d4 Nf6 3. Nc3 c6 4. f4 d6 5. Nf3 Bg7 6. Be3 O-O 7. Qd2 Re8 8. O-O-O
b5 9. Bd3 Na6 10. h3 Nb4 11. g4 a5 12. f5 a4 13. e5 Nxd3+ 14. Qxd3 Nd5 15. Nxd5
cxd5 16. fxg6 hxg6 17. Qxb5 Qc7 18. Qxe8+ Bf8 19. Ng5 e6 20. exd6 Qb7 21. d7
Qxd7 22. Qxd7 Bxd7 23. Nf3 Rc8 24. h4 Bb5 25. Rh2 Bd6 26. Rg2 Bc4 27. a3 Bc7
28. h5 Kg7 29. hxg6 fxg6 30. Rh1 Bd8 31. Rgh2 Bf6 32. g5 1-0

[Event "Madrid-ch Previa A"]
[Site "Madrid ESP"]
[Date "2014.02.04"]
[Round "2.4"]
[White "Morera Rodriguez, Ignacio"]
[Black "Caamano Jimenez, Luis"]
[Result "0-1"]
[WhiteElo "1863"]
[BlackElo "1772"]
[PlyCount "78"]
[EventDate "2014.02.03"]
[EventType "swiss"]
[EventRounds "9"]
[EventCountry "ESP"]
[Source "lmi"]
[SourceDate "2014.02.03"]

1. d4 d5 2. c4 c6 3. Nf3 Nf6 4. e3 Bf5 5. Be2 e6 6. Nc3 Nbd7 7. O-O Be7 8. b3
Qa5 9. Bb2 Ba3 10. Bxa3 Qxa3 11. Nh4 Bg6 12. cxd5 exd5 13. Nxg6 hxg6 14. Qd3
Qd6 15. g3 Qe7 16. f3 Nh5 17. g4 Nhf6 18. e4 dxe4 19. Nxe4 O-O-O 20. Qc4 Nd5
21. b4 f5 22. Ng3 Qe3+ 23. Rf2 Rxh2 24. Raf1 Rdh8 25. Qc1 Rxf2 26. Qxe3 Rxf1+
27. Nxf1 Nxe3 28. Nxe3 f4 29. Nc4 Kc7 30. Bd3 b5 31. Nd2 Re8 32. Ne4 Nf6 33.
Kf2 Nxe4+ 34. fxe4 g5 35. d5 Rd8 36. Kf3 cxd5 37. Bxb5 dxe4+ 38. Kxe4 Rb8 39.
a4 Rxb5 0-1

[Event "Madrid-ch Previa A"]
[Site "Madrid ESP"]
[Date "2014.02.04"]
[Round "2.5"]
[White "De La Fuente Ebro, Miguel Angel"]
[Black "Lozano Sanchez, Jose Antonio"]
[Result "0-1"]
[WhiteElo "1772"]
[BlackElo "1857"]
[PlyCount "56"]
[EventDate "2014.02.03"]
[EventType "swiss"]
[EventRounds "9"]
[EventCountry "ESP"]
[Source "lmi"]
[SourceDate "2014.02.03"]

1. d4 d5 2. c4 Nf6 3. Nc3 c6 4. e3 e6 5. Nf3 Be7 6. Bd3 Nbd7 7. O-O O-O 8. b3
h6 9. Qc2 Bd6 10. Bb2 Re8 11. Rfd1 b6 12. e4 dxe4 13. Nxe4 Be7 14. Ne5 Bb7 15.
Qe2 Qc7 16. f4 Rad8 17. Rf1 c5 18. Nxf6+ Nxf6 19. Ng4 Nxg4 20. Qxg4 Bf6 21. f5
Bxd4+ 22. Bxd4 Rxd4 23. Qh3 Qd7 24. Rad1 Be4 25. f6 Rxd3 26. Rxd3 Qxd3 27. Qg4
Bg6 28. Rd1 Qf5 0-1

[Event "Madrid-ch Previa A"]
[Site "Madrid ESP"]
[Date "2014.02.04"]
[Round "2.6"]
[White "Canseco Arenas, Alfonso"]
[Black "Hernandez Gutierrez, Jose"]
[Result "0-1"]
[WhiteElo "1721"]
[BlackElo "1852"]
[PlyCount "118"]
[EventDate "2014.02.03"]
[EventType "swiss"]
[EventRounds "9"]
[EventCountry "ESP"]
[Source "lmi"]
[SourceDate "2014.02.03"]

1. e4 c6 2. g3 d5 3. exd5 cxd5 4. Bg2 Nc6 5. d4 Bf5 6. c3 Nf6 7. Ne2 e6 8. O-O
Be7 9. Nd2 O-O 10. Nf3 Be4 11. Ne5 Bxg2 12. Kxg2 Qc7 13. f4 b5 14. a3 a5 15.
Bd2 Ne4 16. Ng1 Nxe5 17. fxe5 Qc4 18. Nf3 b4 19. axb4 axb4 20. Rxa8 Rxa8 21.
cxb4 Bxb4 22. Bxb4 Qxb4 23. Qc2 Rb8 24. Rb1 Nc3 25. Rc1 Qxb2 26. Qxb2 Rxb2+ 27.
Kf1 Rb1 28. Rxb1 Nxb1 29. Ke2 Na3 30. Kd3 Nc4 31. Ng5 h6 32. Nh3 f6 33. exf6
gxf6 34. Nf4 Kf7 35. h4 Nd6 36. Ke3 Nf5+ 37. Kd3 Nxg3 38. h5 Ke7 39. Ke3 Kd6
40. Kf3 Nf5 41. Ne2 Ng7 42. Ng3 e5 43. Ke3 Ke6 44. dxe5 fxe5 45. Kd3 Nf5 46.
Ne2 e4+ 47. Kc3 d4+ 48. Kd2 Kf6 49. Nf4 Kg5 50. Ne6+ Kxh5 51. Nxd4 Nxd4 52. Ke3
Nf5+ 53. Kxe4 Kg4 54. Kd3 h5 55. Ke2 Kg3 56. Kf1 Kh2 57. Kf2 h4 58. Kf1 h3 59.
Kf2 Nh6 0-1

[Event "Madrid-ch Previa A"]
[Site "Madrid ESP"]
[Date "2014.02.04"]
[Round "2.7"]
[White "Jimenez Gonzalez, Marcos"]
[Black "Cisneros Rodriguez, Amick"]
[Result "0-1"]
[WhiteElo "1852"]
[BlackElo "1711"]
[PlyCount "142"]
[EventDate "2014.02.03"]
[EventType "swiss"]
[EventRounds "9"]
[EventCountry "ESP"]
[Source "lmi"]
[SourceDate "2014.02.03"]

1. c4 b6 2. Nc3 Bb7 3. e4 e6 4. g3 g6 5. Bg2 Bg7 6. Nge2 Nf6 7. d3 h6 8. O-O
O-O 9. h3 d5 10. exd5 exd5 11. Nf4 c6 12. cxd5 c5 13. Qb3 Nbd7 14. Be3 Rb8 15.
Rfd1 Kh7 16. Rac1 g5 17. Nfe2 Ne5 18. Qc2 Ng6 19. d4 c4 20. b3 Nxd5 21. Nxd5
Bxd5 22. bxc4 Bxg2 23. Kxg2 Qf6 24. Nc3 Rfe8 25. Nd5 Qc6 26. Kh2 Kh8 27. Qf5
Qe6 28. Qxe6 Rxe6 29. a4 Rd6 30. Nc3 f5 31. Nb5 Rd7 32. c5 f4 33. c6 Re7 34.
gxf4 gxf4 35. Bd2 a6 36. c7 Rc8 37. Bb4 axb5 38. Bxe7 Nxe7 39. axb5 Nd5 40. Kg2
Rxc7 41. Rxc7 Nxc7 42. d5 Nxb5 43. d6 Nd4 44. d7 f3+ 45. Kf1 Nc6 46. d8=Q+ Nxd8
47. Rxd8+ Kh7 48. Rd3 b5 49. Rxf3 b4 50. Ke2 Kg6 51. Kd1 Bc3 52. Kc2 Be1 53.
Kb3 h5 54. Rf8 Kg7 55. Rf4 Kg6 56. f3 Kg5 57. Rf8 Bd2 58. Rb8 h4 59. Kc2 Be1
60. Kd1 Bc3 61. Ke2 Kf4 62. Rf8+ Kg3 63. f4 Kxh3 64. f5 b3 65. Rb8 b2 66. Rb3
Kg2 67. Kd3 Bf6 68. Kc2 h3 69. Rb8 h2 70. Rg8+ Kf2 71. Rf8 h1=Q 0-1

[Event "Madrid-ch Previa A"]
[Site "Madrid ESP"]
[Date "2014.02.04"]
[Round "2.9"]
[White "Montes de Santiago, Fernando"]
[Black "Martin Rodriguez, Jose Luis"]
[Result "1-0"]
[WhiteElo "1826"]
[BlackElo "1385"]
[PlyCount "63"]
[EventDate "2014.02.03"]
[EventType "swiss"]
[EventRounds "9"]
[EventCountry "ESP"]
[Source "lmi"]
[SourceDate "2014.02.03"]

1. d4 Nf6 2. c4 e6 3. Nf3 Bb4+ 4. Bd2 Qe7 5. a3 Bxd2+ 6. Nbxd2 d5 7. e3 O-O 8.
Be2 dxc4 9. Nxc4 b6 10. Nce5 Bb7 11. Rc1 Ne4 12. O-O a5 13. Bd3 c5 14. Qc2 f5
15. Qb3 Qd8 16. Qxe6+ Kh8 17. Nf7+ Rxf7 18. Qxf7 Bc8 19. Bxe4 fxe4 20. Ne5 Ba6
21. Rfd1 Be2 22. Rd2 Bd3 23. Nxd3 exd3 24. Rxd3 Nc6 25. Rdd1 c4 26. Qxc4 Rc8
27. Qb5 Ne7 28. Rxc8 Nxc8 29. Rc1 Nd6 30. Qd5 h6 31. Rc6 Qg8 32. Qxg8+ 1-0

[Event "Madrid-ch Previa A"]
[Site "Madrid ESP"]
[Date "2014.02.04"]
[Round "2.11"]
[White "Santamaria Baeza, A."]
[Black "Algaba Traspuesto, Jose Antonio"]
[Result "1-0"]
[WhiteElo "1928"]
[BlackElo "1721"]
[PlyCount "39"]
[EventDate "2014.02.03"]
[EventType "swiss"]
[EventRounds "9"]
[EventCountry "ESP"]
[Source "lmi"]
[SourceDate "2014.02.03"]

1. e4 e6 2. d4 d5 3. e5 c5 4. c3 Qb6 5. Nf3 Bd7 6. Bd3 cxd4 7. cxd4 Bb5 8. Nc3
Bxd3 9. Qxd3 Qa6 10. Nb5 Bb4+ 11. Bd2 Bxd2+ 12. Nxd2 Ke7 13. Rc1 Nc6 14. O-O
Nh6 15. a4 Nf5 16. Qa3+ Kd7 17. g4 Ncxd4 18. Rc7+ Kd8 19. gxf5 Nxb5 20. Qe7#
1-0

[Event "Madrid-ch Previa A"]
[Site "Madrid ESP"]
[Date "2014.02.04"]
[Round "2.12"]
[White "Garcia Fernandez, Jesus"]
[Black "Leniz Martinez, Francisco"]
[Result "1/2-1/2"]
[WhiteElo "1887"]
[BlackElo "1756"]
[PlyCount "130"]
[EventDate "2014.02.03"]
[EventType "swiss"]
[EventRounds "9"]
[EventCountry "ESP"]
[Source "lmi"]
[SourceDate "2014.02.03"]

1. d4 c5 2. e4 cxd4 3. c3 dxc3 4. Nxc3 Nc6 5. Nf3 a6 6. Bc4 e6 7. Bf4 d6 8. O-O
Nf6 9. Qe2 Nh5 10. Be3 Be7 11. Rfd1 Qc7 12. Rac1 O-O 13. Bb3 Nf6 14. Nd5 exd5
15. exd5 Nxd5 16. Bxd5 Qd7 17. Bxc6 bxc6 18. Ne5 Qe6 19. Nxc6 Bf6 20. b3 Re8
21. Qd2 d5 22. Qxd5 Qxd5 23. Rxd5 Be6 24. Rdd1 h6 25. Nb4 a5 26. Nd5 Be5 27. f4
Bb8 28. Kf2 Ra6 29. g3 Kh7 30. Nb6 Ba7 31. Nc4 Bxe3+ 32. Nxe3 g6 33. Nd5 Bxd5
34. Rxd5 Re7 35. Rcc5 Rea7 36. g4 Kg7 37. Kf3 Ra8 38. Rc7 R6a7 39. Rdd7 Rxc7
40. Rxc7 Ra6 41. Rc5 Ra7 42. Ke4 Kf6 43. h3 Ke7 44. Rd5 a4 45. b4 a3 46. Ra5
Rc7 47. Rxa3 Rc4+ 48. Ke5 f6+ 49. Kd5 Rxb4 50. Ra7+ Kf8 51. f5 gxf5 52. gxf5
Rh4 53. Ke6 Rxh3 54. Kxf6 Ke8 55. Kg6 h5 56. f6 Rf3 57. Ra6 h4 58. Ra8+ Kd7 59.
Rh8 h3 60. Rh5 Ke6 61. f7 Rg3+ 62. Kh6 Kxf7 63. a4 Ra3 64. a5 h2 65. Rxh2 Rxa5
1/2-1/2

[Event "Madrid-ch Previa A"]
[Site "Madrid ESP"]
[Date "2014.02.04"]
[Round "2.13"]
[White "Quijano Cabrera, Adelardo"]
[Black "Fernandez Aransay, Fernando"]
[Result "0-1"]
[WhiteElo "1710"]
[BlackElo "1886"]
[PlyCount "172"]
[EventDate "2014.02.03"]
[EventType "swiss"]
[EventRounds "9"]
[EventCountry "ESP"]
[Source "lmi"]
[SourceDate "2014.02.03"]

1. d4 d5 2. c4 e6 3. Nc3 Nf6 4. cxd5 exd5 5. Bg5 Be7 6. e3 O-O 7. Bd3 Nbd7 8.
Rc1 b6 9. Nge2 Bb7 10. Qc2 c5 11. O-O c4 12. Bf5 a6 13. Nf4 h6 14. Bxf6 Nxf6
15. Bh3 b5 16. g3 Re8 17. Bg2 Bf8 18. a3 Qd6 19. b4 Rad8 20. Ra1 Qb6 21. Rfb1
g5 22. Nfe2 Ng4 23. Rf1 Qe6 24. Qd2 Qg6 25. h3 Nf6 26. g4 Rc8 27. Ng3 Ne4 28.
Bxe4 dxe4 29. Qe2 Rcd8 30. Rfb1 Bc8 31. Qc2 Bd6 32. Kg2 f5 33. gxf5 Bxf5 34.
Nxf5 Qxf5 35. Qe2 Rf8 36. Rf1 Rde8 37. Qg4 Qg6 38. h4 h5 39. Qxg5 Qxg5+ 40.
hxg5 Rf5 41. f4 exf3+ 42. Rxf3 Rxg5+ 43. Kf2 Bg3+ 44. Rxg3 Rxg3 45. Kxg3 Rxe3+
46. Kh4 Rxc3 47. Kxh5 Rd3 48. a4 Rxd4 49. axb5 axb5 50. Kg6 Rd6+ 51. Kf5 Kf7
52. Ra7+ Ke8 53. Rc7 Kd8 54. Rc5 Rb6 55. Ke5 Kd7 56. Kd4 Rd6+ 57. Kc3 Rb6 58.
Rh5 Kc6 59. Rh6+ Kb7 60. Rh7+ Ka6 61. Rh5 Rd6 62. Rh3 Kb6 63. Rg3 Kc6 64. Rh3
Rg6 65. Rf3 Rg5 66. Rf6+ Kd5 67. Rh6 Rg3+ 68. Kc2 Rb3 69. Rh5+ Kc6 70. Rh6+ Kd7
71. Rh7+ Ke6 72. Rh6+ Kf7 73. Rh7+ Kg6 74. Rh8 Rxb4 75. Rf8 Rb3 76. Rb8 Kf5 77.
Rh8 Ke4 78. Rh4+ Kd5 79. Rh8 Kc5 80. Rh5+ Kb4 81. Rh4 Rg3 82. Rh8 Rg2+ 83. Kc1
Kb3 84. Rh3+ c3 85. Kd1 b4 86. Rf3 Kb2 0-1

[Event "Madrid-ch Previa A"]
[Site "Madrid ESP"]
[Date "2014.02.04"]
[Round "2.14"]
[White "Martinez Miura, Enrique"]
[Black "Cano Mercado, Francisco Manuel"]
[Result "1-0"]
[WhiteElo "1712"]
[BlackElo "1863"]
[PlyCount "143"]
[EventDate "2014.02.03"]
[EventType "swiss"]
[EventRounds "9"]
[EventCountry "ESP"]
[Source "lmi"]
[SourceDate "2014.02.03"]

1. e4 c6 2. d4 d5 3. Nc3 dxe4 4. Nxe4 Bf5 5. Ng3 Bg6 6. Nf3 Nd7 7. Bd3 Bxd3 8.
Qxd3 e6 9. O-O Ngf6 10. Re1 Qc7 11. Qe2 c5 12. Ne5 Nxe5 13. dxe5 Nd5 14. c4 Nb4
15. a3 Nc6 16. f4 Nd4 17. Qf2 g6 18. Be3 Be7 19. b4 Rd8 20. Ne4 b6 21. Rad1 Nb3
22. Qb2 Nd4 23. Bxd4 cxd4 24. Rxd4 O-O 25. Red1 Rxd4 26. Qxd4 Rd8 27. Nd6 Qc6
28. c5 Qa4 29. Qd3 bxc5 30. bxc5 Qxf4 31. Qc3 f6 32. exf6 Bxf6 33. Qb3 Bd4+ 34.
Kh1 Rf8 35. Qxe6+ Kh8 36. Qe2 Bxc5 37. g3 Qf6 38. Ne4 Qe5 39. Qc2 Bxa3 40. h4
a5 41. Qd3 Bb4 42. Ng5 Qf6 43. Qd7 Qg7 44. Qb5 Qf6 45. Rd7 Qf1+ 46. Qxf1 Rxf1+
47. Kg2 Rf5 48. Rxh7+ Kg8 49. Ra7 Rf2+ 50. Kh3 Ra2 51. Ne6 Bc3 52. Kg4 Be5 53.
Nf4 Ra4 54. Kg5 Bxf4+ 55. gxf4 Ra1 56. Kxg6 Rg1+ 57. Kf6 Rg4 58. f5 Rxh4 59.
Rxa5 Rh6+ 60. Ke7 Rh7+ 61. Ke6 Rb7 62. Ra8+ Kh7 63. Rd8 Rb1 64. Kf7 Rb7+ 65.
Ke6 Rb1 66. f6 Re1+ 67. Kf7 Ra1 68. Rd7 Kh6 69. Ke8 Kg6 70. f7 Ra8+ 71. Ke7 Ra1
72. f8=Q 1-0

[Event "Madrid-ch Previa A"]
[Site "Madrid ESP"]
[Date "2014.02.04"]
[Round "2.15"]
[White "Martin-Consuegra Barrilero, Javier"]
[Black "Salgado Duarte, Pablo"]
[Result "1-0"]
[WhiteElo "1853"]
[BlackElo "1554"]
[PlyCount "69"]
[EventDate "2014.02.03"]
[EventType "swiss"]
[EventRounds "9"]
[EventCountry "ESP"]
[Source "lmi"]
[SourceDate "2014.02.03"]

1. d4 d5 2. Bf4 Nc6 3. e3 Nf6 4. Nf3 a6 5. c4 Bf5 6. a3 e6 7. c5 Be7 8. h3 O-O
9. Nc3 h6 10. b4 b5 11. cxb6 cxb6 12. b5 Nb8 13. Qb3 Bd6 14. Ne5 a5 15. Be2 Ne4
16. Nxe4 Bxe4 17. O-O f6 18. Nd3 Bxd3 19. Bxd3 Bxf4 20. exf4 f5 21. Rac1 Qh4
22. g3 Qh5 23. Kg2 Nd7 24. Rc6 Qe8 25. Re1 Rf6 26. Qc2 g6 27. Rc7 Rb8 28. Qc6
Rd8 29. Rc1 e5 30. Qxd5+ Kh8 31. fxe5 Re6 32. Qb3 Nf8 33. Bc4 Re7 34. Bf7 Rxc7
35. Rxc7 1-0

[Event "Madrid-ch Previa A"]
[Site "Madrid ESP"]
[Date "2014.02.04"]
[Round "2.16"]
[White "Dominguez Afonso, Ayraldo"]
[Black "Hernandez Garcia, Carlos"]
[Result "0-1"]
[WhiteElo "1508"]
[BlackElo "1819"]
[PlyCount "88"]
[EventDate "2014.02.03"]
[EventType "swiss"]
[EventRounds "9"]
[EventCountry "ESP"]
[Source "lmi"]
[SourceDate "2014.02.03"]

1. e4 c5 2. Nf3 d6 3. d4 cxd4 4. Nxd4 Nf6 5. Nc3 a6 6. Be3 e6 7. g4 e5 8. Nf5
g6 9. g5 gxf5 10. gxf6 f4 11. Bd2 Be6 12. Bd3 Nd7 13. Qe2 Nxf6 14. Bc4 Bxc4 15.
Qxc4 Qc8 16. Qe2 Rg8 17. O-O-O Qc6 18. Rhg1 Rxg1 19. Rxg1 Rc8 20. f3 b5 21. Be1
b4 22. Nd1 a5 23. Bh4 Be7 24. Bxf6 Bxf6 25. Nf2 h5 26. Rg8+ Kd7 27. Rxc8 Kxc8
28. Qd3 Bd8 29. Qd5 Qxd5 30. exd5 f5 31. Nd3 e4 32. fxe4 fxe4 33. Nf2 e3 34.
Nd3 f3 35. Kd1 Bg5 36. c4 bxc3 37. bxc3 Bf6 38. c4 Bc3 39. Nc1 e2+ 40. Nxe2
fxe2+ 41. Kxe2 Be5 42. h3 Kc7 43. Ke3 Kb6 44. Ke4 h4 0-1

[Event "Madrid-ch Previa A"]
[Site "Madrid ESP"]
[Date "2014.02.04"]
[Round "2.18"]
[White "Roldan Garcia, Angel"]
[Black "Lucia Carpintero, Oscar"]
[Result "1-0"]
[WhiteElo "1765"]
[BlackElo "1665"]
[PlyCount "97"]
[EventDate "2014.02.03"]
[EventType "swiss"]
[EventRounds "9"]
[EventCountry "ESP"]
[Source "lmi"]
[SourceDate "2014.02.03"]

1. e4 d5 2. exd5 Nf6 3. d4 Nxd5 4. Nf3 Bf5 5. Bd3 Bxd3 6. Qxd3 e6 7. O-O Nc6 8.
a3 Be7 9. c4 Nb6 10. b4 a6 11. Nc3 Bf6 12. Be3 O-O 13. Rad1 Re8 14. Ne4 h6 15.
Nxf6+ Qxf6 16. Nd2 Rad8 17. Ne4 Qe7 18. Nc5 Ne5 19. Qc3 Nexc4 20. Nxb7 Ra8 21.
Bf4 Nd6 22. Nxd6 cxd6 23. Qg3 Qf6 24. Bxd6 Nc4 25. Bc5 Red8 26. Rc1 Nd2 27.
Rfe1 Rxd4 28. Bxd4 Qxd4 29. Qe3 Qb2 30. Qc3 Qxc3 31. Rxc3 a5 32. Rc2 Nb3 33.
Rb2 a4 34. Rd1 Rc8 35. h3 Kf8 36. Rd3 Ke7 37. Rdxb3 axb3 38. Rxb3 Kd6 39. Rd3+
Kc6 40. Rc3+ Kd7 41. Rxc8 Kxc8 42. b5 Kc7 43. a4 e5 44. Kf1 f5 45. Ke2 g5 46.
Ke3 Kb6 47. g3 Kc5 48. f3 h5 49. g4 1-0

[Event "Madrid-ch Previa A"]
[Site "Madrid ESP"]
[Date "2014.02.04"]
[Round "2.19"]
[White "Quispe Arteaga, Gabriel"]
[Black "Olano Lanchas, Dionisio"]
[Result "1-0"]
[WhiteElo "1556"]
[BlackElo "1761"]
[PlyCount "75"]
[EventDate "2014.02.03"]
[EventType "swiss"]
[EventRounds "9"]
[EventCountry "ESP"]
[Source "lmi"]
[SourceDate "2014.02.03"]

1. d4 d5 2. e3 Nc6 3. Nf3 g6 4. Be2 Bg7 5. b3 Nf6 6. Bb2 Ne4 7. Nbd2 Nd6 8. c4
e6 9. a3 Bd7 10. b4 a6 11. Qb3 Ne7 12. a4 b6 13. c5 Nb7 14. Rc1 O-O 15. O-O Qe8
16. Ra1 bxc5 17. dxc5 f6 18. Rfc1 Nc6 19. Nd4 Qe7 20. Nxc6 Bxc6 21. b5 Na5 22.
Qb4 axb5 23. axb5 Rfb8 24. Rxa5 Rxa5 25. Qxa5 Ra8 26. Qb4 Bb7 27. Ra1 Rb8 28.
Qc3 e5 29. c6 Bc8 30. Qa3 Bf8 31. Qxe7 Bxe7 32. Ra7 Bd6 33. Nb3 Kg7 34. Ba3 Kh6
35. Bxd6 cxd6 36. c7 Rb6 37. Ra8 Be6 38. Rb8 1-0

[Event "Madrid-ch Previa A"]
[Site "Madrid ESP"]
[Date "2014.02.04"]
[Round "2.20"]
[White "Quintero Cuervo, Edgar Alfredo"]
[Black "Perez Cameselle, Francisco Jose"]
[Result "0-1"]
[WhiteElo "1651"]
[BlackElo "1895"]
[PlyCount "84"]
[EventDate "2014.02.03"]
[EventType "swiss"]
[EventRounds "9"]
[EventCountry "ESP"]
[Source "lmi"]
[SourceDate "2014.02.03"]

1. d4 e6 2. c4 f5 3. Nf3 Nf6 4. Bg5 Bb4+ 5. Nc3 O-O 6. a3 Bxc3+ 7. bxc3 d6 8.
Nd2 h6 9. Bxf6 Qxf6 10. e3 Nd7 11. Be2 e5 12. f4 exf4 13. exf4 Qe7 14. Nf3 Re8
15. Qd2 Nf6 16. Ra2 Bd7 17. O-O Qe3+ 18. Qxe3 Rxe3 19. c5 Rxc3 20. Rd1 dxc5 21.
Ne5 cxd4 22. Rxd4 Be6 23. Rb2 Rc1+ 24. Rd1 Rxd1+ 25. Bxd1 Rd8 26. Bf3 b6 27.
Nc6 Rd3 28. Nxa7 Rxa3 29. Nb5 Ra1+ 30. Kf2 Rc1 31. Re2 Bc4 32. Re5 Bxb5 33.
Rxb5 g6 34. Rb2 Kf7 35. Ra2 Ke7 36. Ke3 Kd6 37. Ra8 b5 38. Rh8 b4 39. Kd2 Rc5
40. Bd1 Ne4+ 41. Ke1 Rc1 42. Rd8+ Ke7 0-1

[Event "Madrid-ch Previa A"]
[Site "Madrid ESP"]
[Date "2014.02.04"]
[Round "2.21"]
[White "Camarero Izquierdo, Juan Carlos"]
[Black "Ramos Antona, Enrique"]
[Result "1-0"]
[WhiteElo "1870"]
[BlackElo "1643"]
[PlyCount "80"]
[EventDate "2014.02.03"]
[EventType "swiss"]
[EventRounds "9"]
[EventCountry "ESP"]
[Source "lmi"]
[SourceDate "2014.02.03"]

1. d4 d5 2. Nc3 c6 3. e4 dxe4 4. Nxe4 g6 5. Be3 Bg7 6. Qd2 Be6 7. Nf3 Na6 8.
Bxa6 bxa6 9. O-O Bd5 10. Qd3 Nf6 11. Nxf6+ exf6 12. Bd2 O-O 13. Bb4 Re8 14. Bc5
Qd7 15. Rfe1 a5 16. c4 Bxf3 17. Qxf3 f5 18. h3 Re6 19. Red1 Re4 20. Rd3 Rae8
21. Rad1 Qc7 22. Re3 a4 23. Rde1 Rxe3 24. Rxe3 Re6 25. Qd1 Rxe3 26. fxe3 Qg3
27. Qd2 Bh6 28. d5 cxd5 29. cxd5 f4 30. Qf2 Qxf2+ 31. Kxf2 fxe3+ 32. Bxe3 Bxe3+
33. Kxe3 f5 34. Kf4 Kf7 35. Kg5 Ke7 36. Kh6 Kd6 37. Kxh7 g5 38. Kg6 g4 39. Kxf5
gxh3 40. gxh3 Kxd5 1-0